000 00651nam a2200277Ia 4500
008 171025s9999 xx 000 0 und d
020 _a9781476791616
050 _a920
050 _bF836 2015
100 _aFranta, Connor
245 2 _aA work in progress :
245 _ba memoir /
245 _cby Connor Franta.
260 _aNew York :
260 _bKeywords Press,
260 _c2015
300 _a212 pages :
300 _billustrations ;
300 _c21cm.
650 _aBusiness people.
650 _aPhilanthrophist.
650 _aVideo blogs --
650 _aYoung men.
650 _xBiography.
700 _aTitle.
999 _c344936
_d344936